000 00768nam a2200289 a 4500
999 _c1696
_d1696
007 ta
008 200116t1989 xxuadb|g |||| 001 0 eng d
020 _a9780471289487
_c$ 160.00
040 _aKO
_beng
041 0 _aeng
044 _axxu
082 0 4 _223
_a623.88
_bN6821
100 1 _aKnight, Austin Melvin
245 0 0 _aKnight's Modern Seamanship /
_cJohn V. Noel [et al.]
250 _a18th ed.
260 _aNew York :
_bJohn Wiley & Sons Inc ,
_c1989.
300 _ax, 782 p. :
_bill., charts, maps ;
_c24 cm
504 _aIncludes Index.
650 0 _aSeamanship
700 _aNoel, John V.
_eedt
700 _aBassett, Frank E.
_easn
700 _aBlair, Carvel
_easn
700 _aFitch, Dee
_easn
904 _aA_BOSE
942 _cBK